[Event "FRA-ch Blitz Online Qual"]
[Site "Europe Echecs INT"]
[Date "2020.05.16"]
[Round "4"]
[White "Le Cainec, Erwan"]
[Black "Gordon, Louis"]
[Result "0-1"]
[WhiteElo "1052"]
[BlackElo "1758"]
[PlyCount "88"]
[EventDate "2020.05.16"]
[EventType "swiss (blitz)"]
[EventRounds "15"]
[EventCountry "FRA"]
[SourceTitle "CBM 196 Extra"]
[Source "ChessBase"]
[SourceDate "2020.07.31"]
[SourceVersion "1"]
[SourceVersionDate "2020.07.31"]
[SourceQuality "1"]

1. d4 Nf6 2. c4 e6 3. Nc3 Bb4 4. Bg5 h6 5. Bh4 0-0 6. Nf3 c5 7. e3 Qa5 8. Be2 Bxc3+ 9. bxc3 Qxc3+ 10. Nd2 Ne4 11. 0-0 Qxd2 12. Qxd2 Nxd2 13. Rfd1 Ne4 14. d5 g5 15. Bg3 Nxg3 16. hxg3 exd5 17. cxd5 d6 18. Rab1 a6 19. Bh5 b5 20. f4 Bb7 21. fxg5 hxg5 22. Bg4 f5 23. Bh5 Nd7 24. g4 Nf6 25. Bg6 fxg4 26. Re1 Bxd5 27. e4 Be6 28. Bf5 Bxf5 29. exf5 Rfe8 30. Rf1 Re2 31. a3 Rae8 32. g3 Kf7 33. Rbd1 d5 34. Rf2 R2e3 35. Rff1 Rxg3+ 36. Kf2 Ne4+ 37. Ke2 Nc3+ 38. Kd2 Nxd1 39. Kxd1 d4 40. Rh1 Rg2 41. Rh7+ Kf6 42. Rh6+ Kxf5 43. Rxa6 Rh8 44. Ke1 Rh1# 0-1